Authentic assessment for English language learners : practical approaches for teachers
Αποθηκεύτηκε σε:
| Κύριος συγγραφέας: | |
|---|---|
| Άλλοι συγγραφείς: | |
| Μορφή: | Βιβλίο |
| Γλώσσα: | English |
| Δημοσίευση: |
[s.l.] :
Addison-Wesley,
1996
|
| Θέματα: | |
| Ετικέτες: |
Προσθήκη ετικέτας
Δεν υπάρχουν, Καταχωρήστε ετικέτα πρώτοι!
|
MARC
| LEADER | 00000cam a2200000 i 4500 | ||
|---|---|---|---|
| 001 | 1/100847 | ||
| 008 | 000203s1996 eng d | ||
| 020 | |a 0-201-59151-0 | ||
| 035 | |l 10057443 | ||
| 040 | |a GR-MY-UA |b gre |e aacr | ||
| 041 | 0 | |a eng | |
| 082 | 0 | |a 428.007 | |
| 100 | 1 | |a O'Malley, J. Michael. | |
| 245 | 1 | 0 | |a Authentic assessment for English language learners : |b practical approaches for teachers / |c J. Michael O'Malley, Lorraine Valdez Pierce |
| 260 | |a [s.l.] : |b Addison-Wesley, |c 1996 | ||
| 300 | |a 268 p. | ||
| 650 | 0 | 0 | |a English language |x Study and teaching |x Foreign speakers. |
| 650 | 0 | 0 | |a Education, Bilingual |x Ability testing. |
| 650 | 0 | 0 | |a Educational evaluation. |
| 700 | 1 | |a Pierce, Lorraine Valdez. | |
| 852 | |a INST |b RHODES |e 20000203 |h 428.007 OMA |p 005400014106 |q 005400014106 |t BK |y 0 | ||
| 901 | |a BIBL4-2000-1 | ||
| 909 | |a Ρ |b 070446 | ||
| 922 | |a 4ΕΛΗ |b 199911 |c ΚΠΣ/154 |d LEADER BOOKS | ||
| 970 | |a ΚΟΥΛΑΚΙΟΤΗ |b ΛΙΤΣΑ |z 2000/02/03 | ||